Advertencias y reflecciones varias conducentes al buen uso de los reloxes (Record no. 8412)

MARC details
000 -CABECERA
campo de control de longitud fija 00831nam a2200205 a 4500
001 - NÚMERO DE CONTROL
campo de control BRCA_8761
005 - FECHA Y HORA DE LA ÚLTIMA TRANSACCIÓN
campo de control 20190320210410.0
008 - DATOS DE LONGITUD FIJA--INFORMACIÓN GENERAL
campo de control de longitud fija 280317s1968----mx-#######---#000-0#spa-#
041 ## - CÓDIGO DE LENGUA
Código de lengua del texto/banda sonora o título independiente spa
050 #4 - SIGNATURA TOPOGRÁFICA DE LA BIBLIOTECA DEL CONGRESO
Número de documento/Ítem A38 1968
245 10 - MENCIÓN DE TÍTULO
Título Advertencias y reflecciones varias conducentes al buen uso de los reloxes
Resto del título reproducción facsimilar del primer periódico especializado en el mundo sobre reloxes y la primera obra escrita en castellano sobre esta materia.
260 ## - PUBLICACIÓN, DISTRIBUCIÓN, ETC.
Lugar de publicación, distribución, etc. México
Nombre del editor, distribuidor, etc. Vargas Rea
Fecha de publicación, distribución, etc. 1968
300 ## - DESCRIPCIÓN FÍSICA
Extensión 1 v. (sin paginación)
Dimensiones 20 cm.
Material acompañante/anejo 2 hojas sueltas y 1 tarjeta de presentación
440 #0 - MENCIÓN DE SERIE/PUNTO DE ACCESO ADICIONAL--TÍTULO
Título Papeles periódicos
9 (RLIN) 21816
500 ## - NOTA GENERAL
Nota general Donación del Dr. Héctor Rivero Borrell Vázquez, 25-enero-2017
700 1# - PUNTO DE ACCESO ADICIONAL--NOMBRE DE PERSONA
Nombre de persona Cossío, José L.
9 (RLIN) 21817
700 1# - PUNTO DE ACCESO ADICIONAL--NOMBRE DE PERSONA
Nombre de persona Guadalaxara Tello, Diego
9 (RLIN) 21818
902 ## - CATALOGADOR
Iniciales DHR
942 ## - ELEMENTOS DE PUNTO DE ACCESO ADICIONAL (KOHA)
Fuente del sistema de clasificación o colocación Library of Congress Classification
Tipo de ítem Koha Libros
Holdings
Estado de retiro Estado de pérdida Estado dañado No para préstamo Localización permanente Ubicación/localización actual Fecha de adquisición Total de préstamos Signatura topográfica completa Código de barras Fecha visto por última vez Precio válido a partir de Tipo de ítem Koha
El ejemplar forma parte de la colección y puede ser consultado según las políticas vigentes.       Biblioteca del Museo Franz Mayer (Rogerio Casas-Alatriste) Biblioteca del Museo Franz Mayer (Rogerio Casas-Alatriste) 27/03/2017   A38 1968 DHR00113 22/03/2019 22/03/2019 Libros